000 00456cam a22001934a 4500
005 20250605164259.0
008 250528s ||||||||||||||||||||||||d
035 _a22018
020 _a9780275989125
040 _aGR-AtMCL
_bgre
_dGR-AtMCL
_eAACR2
245 1 _aCODE RED IN THE BOARDROOM
250 _a1
260 _bPrentice Hall,
_c2006
300 _a137
700 1 _aCoombs Timothy
_97891
942 _cBK
999 _c7074
_d7074